О задержке широтно-модулированных импульсных последовательностей; Известия Томского политехнического института [Известия ТПИ]; Т. 208

Bibliografiske detaljer
Parent link:Известия Томского политехнического института [Известия ТПИ]/ Томский политехнический институт (ТПИ).— , 1944-1976
Т. 208.— 1974.— [С. 100-101]
Hovedforfatter: Епифанцев Б. Н.
Andre forfattere: Сотниченко В. П.
Summary:Заглавие с титульного листа
Электронная версия печатной публикации
Sprog:russisk
Udgivet: 1974
Fag:
Online adgang:Черно-белая версия для предварительного просмотра
Цветная версия без потери качества
Format: MixedMaterials Electronisk Book Chapter
KOHA link:https://koha.lib.tpu.ru/cgi-bin/koha/opac-detail.pl?biblionumber=224163

MARC

LEADER 00000nla2a2200000 4500
001 224163
005 20231031200338.0
035 |a (RuTPU)RU\TPU\book\244451 
035 |a RU\TPU\book\244450 
090 |a 224163 
100 |a 20121019d1974 k y0rusy50 ca 
101 0 |a rus 
102 |a RU 
135 |a drnn ---uucaa 
181 0 |a i  
182 0 |a b 
200 1 |a О задержке широтно-модулированных импульсных последовательностей  |b Электронный ресурс  |f Б. Н. Епифанцев, В. П. Сотниченко 
203 |a Текст  |c электронный 
215 |a 2 файла (79 Кб, 1.8 Мб) 
230 |a Электронные текстовые данные (2 файла : 79 Кб, 1.8 Мб) 
300 |a Заглавие с титульного листа 
300 |a Электронная версия печатной публикации 
337 |a Adobe Reader 
461 1 |0 (RuTPU)RU\TPU\book\200995  |t Известия Томского политехнического института [Известия ТПИ]  |f Томский политехнический институт (ТПИ)  |d 1944-1976 
463 1 |0 (RuTPU)RU\TPU\book\244425  |t Т. 208  |v [С. 100-101]  |d 1974  |p 130 с. 
610 1 |a электронный ресурс 
610 1 |a труды учёных ТПУ 
700 1 |a Епифанцев  |b Б. Н. 
701 1 |a Сотниченко  |b В. П. 
801 1 |a RU  |b 63413507  |c 20090320  |g PSBO 
801 2 |a RU  |b 63413507  |c 20121204  |g PSBO 
856 4 |u http://www.lib.tpu.ru/fulltext/v/Bulletin_TPU/1974/v208/19_bw.pdf  |z Черно-белая версия для предварительного просмотра 
856 4 |u http://www.lib.tpu.ru/fulltext/v/Bulletin_TPU/1974/v208/19_full.pdf  |z Цветная версия без потери качества 
942 |c CF